Zemlje koje graniče s Hrvatskom - Statistics

General Stats
  • This quiz has been taken 397 times
    395 since last reset
  • The average score is 4 of 5
Answer Stats
Zemlje % Correct
Slovenija
98%
Srbija
98%
Crna Gora
88%
Mađarska
88%
Bosnia i Hercegovina
9%
No matching quizzes found
Score Distribution
Percent of People with Each Score
Percentile by Number Answered
Your Score History
You have not taken this quiz since the last reset